Product lifecycle management

La funcin̤ principal de Product Lifecycle Management (PLM) es administrar la definicin̤ de un producto desde el concepto hasta la jubilacin̤. Para ser eficaces, las soluciones PLM deben definir completamente todos los aspectos de la Lista de materiales (BOM) del producto, incluidos los archivos de d...

ver descrição completa

Na minha lista:
Detalhes bibliográficos
Outros Autores: Canal Misty Rains / Youtube
Formato: Livro
Idioma:inglês
Assuntos:
Acesso em linha:Product lifecycle management
Tags: Adicionar Tag
Sem tags, seja o primeiro a adicionar uma tag!

MARC

LEADER 00000nam a22000004a 4500
001 vpro6130
005 20201223000000.0
008 130730s2013 ck # g## #001 0#eng#d
020
022
040 |a CO-BoINGC 
041 0 |a eng 
245 1 0 |a Product lifecycle management 
246 |a Gestin̤ del ciclo de vida del producto 
264 |a Bogot ̀(Colombia) :  |b Revista VirtualPRO,  |c 2013 
520 3 |a La funcin̤ principal de Product Lifecycle Management (PLM) es administrar la definicin̤ de un producto desde el concepto hasta la jubilacin̤. Para ser eficaces, las soluciones PLM deben definir completamente todos los aspectos de la Lista de materiales (BOM) del producto, incluidos los archivos de diseǫ mecǹico y elčtrico (MCAD, ECAD), el software, la documentacin̤ y la informacin̤ del servicio. PLM permite la definicin̤ y sincronizacin̤ de vistas multifuncionales de la BOM: ingeniera̕ (eBOM), fabricacin̤ (mBOM) y servicio (sBOM). Directamente, PLM ofrece un valor significativo para una empresa, pero PLM tambiň mejora otros sistemas empresariales (ERP, CRM) al permitir el intercambio de informacin̤ de productos en toda la organizacin̤. 
650 \ \ |a Ciclo de vida de los productos 
650 \ \ |a Gestin̤ de negocios 
650 \ \ |a Logs̕tica en los negocios 
650 \ \ |a Mercadeo 
650 \ \ |a Product life cycle 
650 \ \ |a Business management 
650 \ \ |a Business logistics 
650 \ \ |a Marketing 
650 \ \ |a marketing 
650 \ \ |a marketing  
700 \ \ |a Canal Misty Rains / Youtube. 
856 |z Product lifecycle management  |u https://virtualpro.unach.elogim.com/biblioteca/gestion-del-ciclo-de-vida-del-producto